Cam Jansen : (Record no. 2223)

MARC details
000 -LEADER
fixed length control field 01403cam a22004093a 4500
001 - CONTROL NUMBER
control field 2223
003 - CONTROL NUMBER IDENTIFIER
control field FISKH
005 - DATE AND TIME OF LATEST TRANSACTION
control field 20231110140349.0
008 - FIXED-LENGTH DATA ELEMENTS--GENERAL INFORMATION
fixed length control field 050103t20041989nyua j 000 1 eng d
010 ## - LIBRARY OF CONGRESS CONTROL NUMBER
LC control number 2005270167
020 ## - INTERNATIONAL STANDARD BOOK NUMBER
International Standard Book Number 043913384X (pbk.)
020 ## - INTERNATIONAL STANDARD BOOK NUMBER
International Standard Book Number 9780142401798
020 ## - INTERNATIONAL STANDARD BOOK NUMBER
International Standard Book Number 014240179X (pbk)
035 ## - SYSTEM CONTROL NUMBER
System control number (OCoLC)ocm56208908
040 ## - CATALOGING SOURCE
Original cataloging agency MDK
Transcribing agency MDK
Modifying agency OCO
-- OCLCQ
-- OCL
-- HHO
-- BAKER
-- DLC
Language of cataloging eng
050 00 - LIBRARY OF CONGRESS CALL NUMBER
Classification number MLCS 2006/42747
082 ## - DEWEY DECIMAL CLASSIFICATION NUMBER
Classification number 813.54
100 1# - MAIN ENTRY--PERSONAL NAME
Personal name Adler, David A.
245 10 - TITLE STATEMENT
Title Cam Jansen :
Remainder of title the mystery of Flight 54 /
Statement of responsibility, etc. David A. Adler ; illustrated by Susanna Natti.
246 3# - VARYING FORM OF TITLE
Title proper/short title Cam Jansen and the mystery of Flight 54
246 3# - VARYING FORM OF TITLE
Title proper/short title Cam Jansen and the mystery of Flight fifty-four
246 30 - VARYING FORM OF TITLE
Title proper/short title Mystery of Flight 54
246 3# - VARYING FORM OF TITLE
Title proper/short title Mystery of Flight fifty-four
250 ## - EDITION STATEMENT
Edition statement Reissued, 1999, 2004
260 ## - PUBLICATION, DISTRIBUTION, ETC.
Place of publication, distribution, etc. New York :
Name of publisher, distributor, etc. Puffin Books,
Date of publication, distribution, etc. 1989
300 ## - PHYSICAL DESCRIPTION
Extent 56 pages :
Other physical details illustrations ;
Dimensions 20 cm
490 1# - SERIES STATEMENT
Series statement Cam Jansen adventure ;
Volume/sequential designation Book 12
505 ## - FORMATTED CONTENTS NOTE
Formatted contents note O<br/>
520 ## - SUMMARY, ETC.
Summary, etc. Fifth-grade sleuth Cam Jansen and her friend Eric combine wits to solve the disappearance of a young French girl.
521 0# - TARGET AUDIENCE NOTE
Target audience note 610<br/>
Source Lexile<br/><br/>
521 0# - TARGET AUDIENCE NOTE
Target audience note O<br/>
Source Raz-Plus<br/>
650 #1 - SUBJECT ADDED ENTRY--TOPICAL TERM
Topical term or geographic name entry element Mystery and detective stories.
650 #1 - SUBJECT ADDED ENTRY--TOPICAL TERM
Topical term or geographic name entry element Airplanes
Form subdivision Fiction.
700 1# - ADDED ENTRY--PERSONAL NAME
Personal name Natti, Susanna.
Relator term illustrator
906 ## - LOCAL DATA ELEMENT F, LDF (RLIN)
a 7
b cbc
c copycat
d 3
e ncip
f 20
g y-gencatlg
942 ## - ADDED ENTRY ELEMENTS (KOHA)
Source of classification or shelving scheme Dewey Decimal Classification
Koha item type Books
Suppress in OPAC No
Holdings
Withdrawn status Lost status Source of classification or shelving scheme Damaged status Not for loan Collection Home library Current library Shelving location Date acquired Total Checkouts Full call number Barcode Date last seen Price effective from Koha item type
    Dewey Decimal Classification     Juvenile Fiction Footprints International School Library Network Toul Kork Campus Footprints International School Library Network Toul Kork Campus TK Primary Library Room(4th Floor), Bookcase 3&4, Shelves 17-32, Yellow Books 11/10/2023   ADL 813.54 PZ7.A2615 FISTK00253 11/10/2023 11/10/2023 Books